ICAP.A Journey Through Time. (Record no. 480935)
[ view plain ]
| 000 -LEADER | |
|---|---|
| fixed length control field | 00529nam a22001817a 4500 |
| 003 - CONTROL NUMBER IDENTIFIER | |
| control field | NUST |
| 005 - DATE AND TIME OF LATEST TRANSACTION | |
| control field | 20180828071448.0 |
| 008 - FIXED-LENGTH DATA ELEMENTS--GENERAL INFORMATION | |
| fixed length control field | 180828b ||||| |||| 00| 0 eng d |
| 038 ## - RECORD CONTENT LICENSOR | |
| Staff Name | 0 |
| 050 ## - LIBRARY OF CONGRESS CALL NUMBER | |
| Classification number | 621.380283 |
| 082 ## - DEWEY DECIMAL CLASSIFICATION NUMBER | |
| Classification number | 621.380283 |
| 100 ## - MAIN ENTRY--PERSONAL NAME | |
| Personal name | The Institute of Chartered Accountants of Pakistan. |
| 9 (RLIN) | 10307 |
| 245 ## - TITLE STATEMENT | |
| Title | ICAP.A Journey Through Time. |
| Statement of responsibility, etc. | The Institute of Chartered Accountants of Pakistan. |
| 260 ## - PUBLICATION, DISTRIBUTION, ETC. | |
| Place of publication, distribution, etc. | Pakistan. |
| Name of publisher, distributor, etc. | CA. |
| Date of publication, distribution, etc. | 1961-2011 |
| 300 ## - PHYSICAL DESCRIPTION | |
| Extent | 248p. |
| 500 ## - GENERAL NOTE | |
| General note | Hard Cover. |
| 942 ## - ADDED ENTRY ELEMENTS (KOHA) | |
| Source of classification or shelving scheme | |
| Koha item type | Book |
| Call number prefix | 621.380283 |
| Withdrawn status | Lost status | Source of classification or shelving scheme | Damaged status | Not for loan | Collection code | Permanent Location | Current Location | Shelving location | Date acquired | Total Checkouts | Full call number | Barcode | Date last seen | Price effective from | Koha item type |
|---|---|---|---|---|---|---|---|---|---|---|---|---|---|---|---|
| Central Library (CL) | Central Library (CL) | General Stacks | 08/28/2018 | 621.380283 ICA | NBSD-3083 | 08/28/2018 | 08/28/2018 | Book |
